[Event "GER-ch Seniors 23rd"]
[Site "Halle"]
[Date "2011.08.10"]
[Round "6"]
[White "Schoen, Wolfgang"]
[Black "Scholz, Gerd"]
[Result "1-0"]
[WhiteElo "1453"]
[BlackElo "1888"]
[PlyCount "74"]
[EventDate "2011.08.05"]
[EventType "swiss"]
[EventRounds "9"]
[EventCountry "GER"]
[SourceTitle "CBM 144 Extra"]
[Source "ChessBase"]
[SourceDate "2011.10.28"]
[SourceVersion "1"]
[SourceVersionDate "2011.10.28"]
[SourceQuality "1"]

1. d4 Nf6 2. c4 e6 3. Nf3 b6 4. Bg5 Be7 5. Nc3 Bb7 6. e3 0-0 7. Be2 d5 8. 0-0 Nbd7 9. a3 c5 10. b3 Nh5 11. Bxe7 Qxe7 12. Qc2 Nhf6 13. a4 Rfc8 14. a5 cxd4 15. exd4 bxa5 16. Rxa5 dxc4 17. bxc4 Nb6 18. Ne5 Nfd7 19. Qb3 Nxe5 20. Rxe5 Ba6 21. Nb5 Bxb5 22. Rxb5 Qc7 23. Rc5 Qd6 24. Rxc8+ Nxc8 25. Qe3 Rb8 26. Rd1 Qb4 27. h3 a5 28. d5 exd5 29. Rxd5 Nb6 30. Rb5 Qd6 31. c5 Nd5 32. Rxb8+ Qxb8 33. Qd4 Ne7 34. Bb5 h6 35. Qd7 Qc8 36. Qxe7 Qf5 37. Qd8+ Kh7 1-0

[Event "GER-ch Seniors 23rd"]
[Site "Halle"]
[Date "2011.08.08"]
[Round "4"]
[White "Schoen, Wolfgang"]
[Black "Denda, Ronald"]
[Result "0-1"]
[WhiteElo "1453"]
[BlackElo "2017"]
[PlyCount "78"]
[EventDate "2011.08.05"]
[EventType "swiss"]
[EventRounds "9"]
[EventCountry "GER"]
[SourceTitle "CBM 144 Extra"]
[Source "ChessBase"]
[SourceDate "2011.10.28"]
[SourceVersion "1"]
[SourceVersionDate "2011.10.28"]
[SourceQuality "1"]

1. e4 e5 2. Nf3 Nc6 3. c3 Nf6 4. d3 d5 5. Bg5 dxe4 6. dxe4 Qxd1+ 7. Kxd1 Nxe4 8. Be3 Bg4 9. Be2 0-0-0+ 10. Nbd2 Bc5 11. Bxc5 Nxc5 12. Ng5 Bxe2+ 13. Kxe2 Rd7 14. Rhd1 h6 15. Nge4 Nxe4 16. Nxe4 Rhd8 17. Rxd7 Rxd7 18. f3 b6 19. b4 a5 20. a3 Kd8 21. Nd2 Ke7 22. b5 Nd8 23. a4 Ne6 24. g3 Nc5 25. Ra3 Ke6 26. Ra1 Rxd2+ 27. Kxd2 Nb3+ 28. Kc2 Nxa1+ 29. Kb2 Kd5 30. Kxa1 Kc4 31. Kb2 Kd3 32. Kb3 f5 33. Kb2 e4 34. fxe4 fxe4 35. Kc1 Kxc3 36. Kd1 Kd3 37. Ke1 Ke3 38. h3 g6 39. g4 g5 0-1

[Event "GER-ch Seniors 23rd"]
[Site "Halle"]
[Date "2011.08.07"]
[Round "3"]
[White "Reer, Erdmann"]
[Black "Schoen, Wolfgang"]
[Result "1/2-1/2"]
[WhiteElo "2062"]
[BlackElo "1453"]
[PlyCount "71"]
[EventDate "2011.08.05"]
[EventType "swiss"]
[EventRounds "9"]
[EventCountry "GER"]
[SourceTitle "CBM 144 Extra"]
[Source "ChessBase"]
[SourceDate "2011.10.28"]
[SourceVersion "1"]
[SourceVersionDate "2011.10.28"]
[SourceQuality "1"]

1. e4 e5 2. Nf3 d6 3. d4 Nd7 4. Bd3 Be7 5. c3 Ngf6 6. 0-0 0-0 7. Nbd2 c6 8. Re1 b6 9. Nf1 Bb7 10. Ng3 Re8 11. Qb3 h6 12. Bd2 Qc7 13. Rad1 Bf8 14. a4 g6 15. Bc4 d5 16. Bd3 Kg7 17. exd5 cxd5 18. dxe5 Nxe5 19. Nxe5 Rxe5 20. Rxe5 Qxe5 21. Re1 Qc7 22. Be3 Bc5 23. Bd4 Bxd4 24. cxd4 Qf4 25. Ne2 Qd2 26. Rd1 Qg5 27. h3 Bc8 28. Kh2 Be6 29. Qb4 Qh4 30. Kg1 g5 31. Qd6 Rg8 32. Qg3 Qxg3 33. Nxg3 Rc8 34. Rd2 a5 35. Rc2 Rxc2 36. Bxc2 1/2-1/2

[Event "GER-ch Seniors 23rd"]
[Site "Halle"]
[Date "2011.08.06"]
[Round "2"]
[White "Schoen, Wolfgang"]
[Black "Didzuhn, Werner"]
[Result "1-0"]
[WhiteElo "1453"]
[BlackElo "1909"]
[PlyCount "66"]
[EventDate "2011.08.05"]
[EventType "swiss"]
[EventRounds "9"]
[EventCountry "GER"]
[SourceTitle "CBM 144 Extra"]
[Source "ChessBase"]
[SourceDate "2011.10.28"]
[SourceVersion "1"]
[SourceVersionDate "2011.10.28"]
[SourceQuality "1"]

1. e4 e5 2. Nf3 d6 3. Nc3 Nf6 4. d3 c6 5. h3 Be7 6. Be3 0-0 7. Be2 d5 8. exd5 cxd5 9. d4 e4 10. Ne5 Nc6 11. 0-0 Be6 12. Qd2 Nd7 13. Bf4 f6 14. Nxd7 Qxd7 15. Qe3 g5 16. Bh2 f5 17. f4 Bf6 18. Rad1 h6 19. Bh5 Rac8 20. Ne2 Na5 21. c3 Nc4 22. Qg3 Kh8 23. b3 Nd6 24. fxg5 Be7 25. Qe5+ Kg8 26. h4 hxg5 27. hxg5 Nf7 28. Bxf7+ Bxf7 29. Rxf5 Be6 30. Rff1 Rf5 31. Rxf5 Bxf5 32. Ng3 Bg4 33. Rf1 Rxc3 1-0